000 00582nam a2200229Ia 4500
003 OSt
005 20220924150535.0
006 a|||||r|||| 00| 0
007 ta
008 220923b |||||||| |||| 00| 0 tel d
024 _a333586
037 _cTextual
040 _aARTS
_cARTS
_btel
041 _2tel
_atel
082 _aO35,2M53,3, J4
100 _aSastri Venkatara
_9222359
245 0 _aPriyadarshika natika
260 _c1954
650 _aTELUGU LITERATURE
942 _hO35,2M53,3, J4
_cTEXL
_2CC
999 _c463699
_d463699